| 000 | 00630cam a2200253ua 4500 | ||
|---|---|---|---|
| 020 | _c33.00 | ||
| 041 |
_aeng _h |
||
| 082 |
_a697.93 _bSTO/RE |
||
| 100 | _aStoecker, W.F . | ||
| 245 |
_aRefrigeration and air conditioning / _cW.F.Stoecker. _hTextual Documents |
||
| 250 |
_a2 / _b. |
||
| 260 |
_aNew Delhi : _bTata Mc-Graw Hill Publishing Company , _c1982. |
||
| 300 | _a443 ; . | ||
| 365 | _a33.00 | ||
| 504 | _a | ||
| 700 | 1 | _aJones, J.W . | |
| 942 | _cBK | ||
| 999 |
_c1652 _d1652 |
||